| 000 | 01041cam a2200337 a 4500 | ||
|---|---|---|---|
| 001 | 57865 | ||
| 003 | CO-BoRNBP | ||
| 005 | 20250804153649.0 | ||
| 007 | ta | ||
| 008 | 990524r19971999mx a jr 00011 spa d | ||
| 020 | _a9681654331 | ||
| 040 |
_ala _cla |
||
| 041 | 0 | _aspa | |
| 043 | _au-at--- | ||
| 082 | 0 | 4 |
_aI823.91 _bH45t _220 ed. |
| 100 | 1 |
_aHilton, Nette. _961903 |
|
| 245 | 1 | 3 |
_aLa telaraña / _cNette Hilton ; ilustraciones de Martha Avíles ; traducción de Cecilia Olivares Mansuy. |
| 250 | _a1a. edición | ||
| 300 |
_a69 p. : _bil. ; _c19 cm. |
||
| 336 |
_2rdacontent _atexto _btxt |
||
| 337 |
_2rdamedia _asin mediación _bn |
||
| 338 |
_2rdacarrier _avolumen _bnc |
||
| 534 | _tThe Web. | ||
| 650 | 7 |
_aCuentos juveniles australianos. _2BLAAUTO _961904 |
|
| 650 | 7 |
_aFamilia _x Cuentos juveniles. _2BLAAUTO _961905 |
|
| 700 | 1 |
_aAvilés, Martha, _eil. _961906 |
|
| 700 | 1 |
_aOlivares Mansuy, Cecilia, _etr. _961907 |
|
| 830 | 0 |
_aLista Básica-Bibliotécas Públicas 1. _942791 |
|
| 942 |
_2ddc _cBK |
||
| 949 |
_an _bn |
||
| 999 |
_c57865 _d57865 |
||